Click to Translate - Igbo - Statistics

General Stats
  • This quiz has been taken 299 times
  • The average score is 6 of 20
Answer Stats
Hint Answer % Correct
Eye Anya
40%
Him Ya
36%
Mother Nne
34%
Sorry Ndo
33%
White Ọcha
33%
Where Ebee
32%
Water Mmiri
32%
Shoe Akpụkpọ ụkwụ
31%
Please Biko
31%
Thank you Daalụ
30%
Chair Oche
29%
Moon Ọnwa
29%
Clock Elekere
26%
No Mba
26%
Bird Nnụnụ
25%
Rice Osikapa
23%
Tomorrow Echi
21%
River Osimiri
21%
Nine Itoolu
20%
Day Ụbọchị
18%
No matching quizzes found
Score Distribution
Percent of People with Each Score
Percentile by Number Answered
Your Score History
You have not taken this quiz